Máš nárok na život /
Německá autorka Alexandra Reinwarth si tuto otázku položila a rozhodla se podle ní jeden rok žít. Výsledek byl překvapivý. Najednou začaly být některé věci naprosto zbytečné – nekonečné pracovní povinnosti, konflikty, očekávání druhých. A jiné věci se naopak ukázaly jako mnohem důležitější, než si k...
Uloženo v:
| Hlavní autor: | |
|---|---|
| Médium: | E-kniha |
| Jazyk: | Czech |
| Vydáno: |
Praha :
Nakladatelství KAZDA, s.r.o.,
2026
|
| Tagy: |
Žádné tagy |
| LEADER | 01688nam a22002297i 4500 | ||
|---|---|---|---|
| 001 | 297597 | ||
| 007 | ta | ||
| 008 | 260416s2026 xr ||||| |||| 00| 0 cze d | ||
| 020 | |a 9788076702417 | ||
| 044 | |a xr | ||
| 100 | 1 | |a Reinwarth, Alexandra |4 aut | |
| 245 | 1 | 0 | |a Máš nárok na život / |c Reinwarth, Alexandra |
| 264 | 1 | |a Praha : |b Nakladatelství KAZDA, s.r.o., |c 2026 | |
| 300 | |a 1 online zdroj (240 stran) | ||
| 336 | |a text |b txt |2 rdacontent | ||
| 337 | |a bez média |b n |2 rdamedia | ||
| 338 | |a online zdroj |b cr |2 rdacarrier | ||
| 520 | 2 | |a Německá autorka Alexandra Reinwarth si tuto otázku položila a rozhodla se podle ní jeden rok žít. Výsledek byl překvapivý. Najednou začaly být některé věci naprosto zbytečné – nekonečné pracovní povinnosti, konflikty, očekávání druhých. A jiné věci se naopak ukázaly jako mnohem důležitější, než si kdy myslela. V této osobní a velmi čtivé knize ukazuje, jak může jednoduchý myšlenkový experiment radikálně změnit náš pohled na práci, vztahy, přátelství i každodenní rozhodování. Máš nárok na život není návod na radikální změnu života. Je to spíš pozvání položit si otázku, kterou si klademe příliš zřídka:Co je v mém životě opravdu důležité – a proč to odkládám na později? | |
| 910 | |a RBIT002 | ||
| 998 | |d 426224 |a https://core.palmknihy.cz/api/books/426224/cover?tdixw6 |b https://core.palmknihy.cz/api/books/426224/cover/400?tdixw6 |c https://core.palmknihy.cz/api/books/426224/cover/50?tdixw6 |e |g 240 |i 9788076702417 |j https://core.palmknihy.cz/api/books/426224/preview.epub |l |q 49 |r 1 |s https://www.palmknihy.cz/kniha/426224 |t ebook |y 2026 |z 1 | ||
| 999 | |d 297595 | ||